000 01162nam0a2200337 4500
001 RU\NLR\bibl\146167
005 20250618045954.0
021 _aRU
_b2000-48462
_92230
035 _a(NLR Aleph) 000143221
090 _a820317
_c820317
100 _a20010205d2000 |||y0rusy50 ca
101 0 _arus
102 _aRU
105 _aa |||||||||
200 1 _aВзаимосогласованность экологии и экономики
_fКорчагина Т. В.
_gНОУ "Липец. экол.-гуманитар. ин-т"
210 _aЛипецк
_cЛЭГИ
_d2000
215 _a100 с.
_d21
320 _aБиблиогр.: с. 98-99
606 0 _aЭкология и экономика
_92152742
_3RU\NLR\auth\661296255
610 0 _aОхрана окружающей среды - Экономика
675 _a504.03
_v3
_zrus
686 _a87
_2rugasnti
686 _a20.1
_2rubbk
686 _aУ010.038
700 1 _aКорчагина
_gТатьяна Викторовна
_4070
801 0 _aRU
_bRKP
_c20010205
_gPSBO
801 1 _aRU
_bRKP
_c20010205
801 2 _aRU
_bNLR
_c20010419
_grcr
942 _cBOOK
980 _aNB